| 000 | 00504nam a22001697a 4500 | ||
|---|---|---|---|
| 008 | 230711b |||||||| |||| 00| 0 eng d | ||
| 020 | _a9788171786954 | ||
| 040 |
_aNational Science Library _cNational Science Library |
||
| 080 |
_a82-31RAZ _bQ5 |
||
| 100 | _aRahi, Masoom Raza | ||
| 245 | _aदिल एक सादा काग़ज़ | ||
| 246 | _aDil ek sada kaghaz | ||
| 260 |
_aNew Delhi: _bRajkamla Prakashan, _c2015 |
||
| 300 | _a210p. | ||
| 650 | _aHindi literature | ||
| 942 |
_2udc _cHBK |
||
| 999 |
_c51107 _d51107 |
||